Datum a čas kvízu
22
Celkem bodů
Celkový počet nahraných bodů na tomto kvízu bez doplňovacích otázek.
6.
Pořadí na kvízu
Konečné umístění týmu na tomto kvízu.
Zaznamenané odpovědi
| # | Otázka | Odpověď | Body | Výsledky |
|---|---|---|---|---|
| 1. | V obci Hlubyně bylo minulý týd... | o telefonní budce | 1 | |
| 2. | Minulý týden se uskutečnil sum... | v Ženevě | 1 | |
| 3. | Jedna česká zpěvačka se díky s... | Ewa Farna | 0 | |
| 4. | Na Václavském náměstí se minul... | Primark | 1 | |
| 5. | Druhý gól Patrika Schicka do s... | levou nohou | 1 | |
| 6. | Právě probíhající Mistrovství... | Glasgow, Londýn | 0.5 | |
| 7. | Dalším městem, kde se turnaj k... | D | 0 | |
| 8. | Nejblíže to mají čeští fanoušc... | Mariánské náměstí | 0 | |
| 9. | Ne všechny zápasy mistrovství... | Baku | 1 | |
| 10. | Přiřaďte následující hrací sta... | 1B 2C 3D 4A | 0 |